| 000 | 01955nas a2200277 454500 | ||
|---|---|---|---|
| 001 | 5046 | ||
| 005 | 20260407193504.0 | ||
| 008 | 260407s1995####ag###########|||spa#d | ||
| 003 | AR-UNSa-BCEJYS | ||
| 040 |
_aAR-UNSa-BCEJYS _bspa _cAR-UNSa-BCEJYS |
||
| 080 |
_a330 _xEconomía en general |
||
| 245 | 1 | 0 |
_aFACES _pRevista de la Facultad de Ciencias Económicas y Sociales |
| 022 | _a0328-4050 | ||
| 264 | 1 |
_aMar del Plata : _bUniversidad Nacional de Mar del Plata. Facultad de Ciencias Económicas y Sociales _c1995 |
|
| 310 | _aPeriodicidad: Anual Cambia de Dir. a partir del Nº 8 por Haydée J. Pérez Cambia de Dir. a partir del Nº 28 por Franciso A. Morea Cambia de Dir. a partir del Nº 32/33 por Daniel H. Pérez Cambia de Dir. a partir del Nº 40/41 por Mónica Mabel Biasone | ||
| 505 | _aLa revista FACES publica colaboraciones relacionadas con la investigación y el desarrollo de las ciencias económicas y sociales, cubriendo una amplia gama de temas a través de artículos científicos y ensayos, todos ellos inéditos. El objetivo inicial fue proyectar la imagen de la Facultad y constituirse en un instrumento de comunicación formal entre los propios investigadores y docentes, investigadores y docentes de la región y de la comunidad, generar opinión en los aspectos disciplinarios y propiciar el discurso profesional. Como objetivos a largo plazo se espera que la revista FACES contribuya a desarrollar la capacidad crítica, creativa y propositiva en relación con la sociedad, la cultura y la economía, dando respuesta a la demanda explícita o implícita que realiza la región. | ||
| 942 | _cSER | ||
| 590 | _aniveau_biblio:s niveau_hierar:1 | ||
| 100 | 1 | _aMucci, Ottorino Oscar | |
| 650 | _aAdministración | ||
| 650 | _aGestión | ||
| 650 | _aCiencias sociales | ||
| 650 | _aEmpleo | ||
| 650 | _aECONOMIA | ||
| 856 | 4 | 1 |
_uhttps://biblioeco.unsa.edu.ar/pmb/images/revistas/FACES.jpg _yImagen de portada _qimage/jpeg |
| 999 |
_c8414 _d8414 |
||